Возможности авторского проявления в пьесе Е. Шварца "Тень"; Вестник Томского государственного педагогического университета; № 8
| Parent link: | Вестник Томского государственного педагогического университета/ Томский государственный педагогический университет (ТГПУ).— , 1997- № 8.— 2007.— [С. 113-119] |
|---|---|
| Autor principal: | |
| Sumari: | Заглавие с экрана Статья посвящена своеобразию проявления авторского начала в пьесе Е. Шварца "Тень". На материале этой пьесы раскрывается художественный потенциал мотивной организации эпической драмы The article is devoted to the originality of demonstrating the author's basis in the play The Shadow written by E. Schwarz. The material of the play is used to illustrate the artistic potential of the epic dramas motive organization. Режим доступа: по договору с организацией-держателем ресурса |
| Idioma: | rus |
| Publicat: |
2007
|
| Matèries: | |
| Accés en línia: | http://vestnik.tspu.ru/archive.html?year=2007&issue=8&article_id=883 http://elibrary.ru/item.asp?id=12366192 |
| Format: | MixedMaterials Electrònic Capítol de llibre |
| KOHA link: | https://koha.lib.tpu.ru/cgi-bin/koha/opac-detail.pl?biblionumber=638862 |
MARC
| LEADER | 00000naa0a2200000 4500 | ||
|---|---|---|---|
| 001 | 638862 | ||
| 005 | 20250210095922.0 | ||
| 035 | |a (RuTPU)RU\TPU\network\3259 | ||
| 035 | |a RU\TPU\network\3254 | ||
| 090 | |a 638862 | ||
| 100 | |a 20150216d2007 k||y0rusy50 ca | ||
| 101 | 0 | |a rus | |
| 102 | |a RU | ||
| 135 | |a drcn ---uucaa | ||
| 181 | 0 | |a i | |
| 182 | 0 | |a b | |
| 200 | 1 | |a Возможности авторского проявления в пьесе Е. Шварца "Тень" |f О. Н. Русанова | |
| 203 | |a Текст |c электронный | ||
| 300 | |a Заглавие с экрана | ||
| 320 | |a [Библиогр.: с. 119 (10 назв.)] | ||
| 330 | |a Статья посвящена своеобразию проявления авторского начала в пьесе Е. Шварца "Тень". На материале этой пьесы раскрывается художественный потенциал мотивной организации эпической драмы | ||
| 330 | |a The article is devoted to the originality of demonstrating the author's basis in the play The Shadow written by E. Schwarz. The material of the play is used to illustrate the artistic potential of the epic dramas motive organization. | ||
| 333 | |a Режим доступа: по договору с организацией-держателем ресурса | ||
| 461 | |t Вестник Томского государственного педагогического университета |f Томский государственный педагогический университет (ТГПУ) |d 1997- | ||
| 463 | |t № 8 |v [С. 113-119] |d 2007 | ||
| 600 | 1 | |a Шварц |b Е. Л. |c русский писатель |c драматург, сказочник |f 1896-1958 |g Евгений Львович |2 stltpush |3 (RuTPU)RU\TPU\pers\17232 |9 6364 | |
| 610 | 1 | |a электронный ресурс | |
| 610 | 1 | |a труды учёных ТПУ | |
| 610 | 1 | |a авторство | |
| 610 | 1 | |a пьесы | |
| 610 | 1 | |a художественные связи | |
| 610 | 1 | |a эпические произведения | |
| 610 | 1 | |a драма | |
| 700 | 1 | |a Русанова |b О. Н. |c лингвист |c доцент Томского политехнического университета, кандидат филологических наук |f 1975- |g Оксана Николаевна |3 (RuTPU)RU\TPU\pers\33570 | |
| 801 | 2 | |a RU |b 63413507 |c 20150216 |g RCR | |
| 856 | 4 | |u http://vestnik.tspu.ru/archive.html?year=2007&issue=8&article_id=883 | |
| 856 | 4 | |u http://elibrary.ru/item.asp?id=12366192 | |
| 942 | |c CF | ||